Statistics for Famous All Girl Groups

Click here to take the quiz!

General Stats

  • This quiz has been taken 877 times
  • The average score is 7 of 15

Answer Stats

HintAnswer% Correct
This Group Spice Up Your LifeSpice Girls
99%
Beyonce's former Group, Hit song - Independent Woman Part IDestiny's Child
79%
2000 - No ScrubsTLC
76%
2005 - Don't ChaPussy Cat Dolls
76%
American hip hop trio from Queens, New York, popular hit Songs are "Let's Talk About Sex, Shoop, and Push it"Salt-N-Pepa
49%
This Group rivaled the Beatles in popularity in mid 60's and their hit song was covered by Phil Collins in 1982.The Supremes
43%
This Group was Famous for their cover of Shocking Blue's "VENUS"Bananarama
38%
Hit Song - "Push The Button", Famous member - Mutya BuenaSugababes
33%
This Trio are Daughters of Brian of The Beach Boys and John and Michelle of The Mamas and The Papas, Popular Song - "Hold On"Wilson Phillips
33%
This Group covered The Bangles "Eternal Flame" in 2001.Atomic Kitten
27%
Out of Control is the fifth and final studio album by this British girl group released in 2008, famous single - "Untouchable"Girls Aloud
25%
Famous for their cover songs "Under the Bridge / Lady Marmalade" by Red Hot Chili Peppers and LaBelleAll Saints
23%
Popular for the Hit Song "Head Over Heels and We Got The Beat", Popular Member - Belinda CarlisleThe Go-Go's
22%
This group covered Linda Lyndell's "Whattaman" along with Salt 'N' Pepa.En Vogue
21%
Famous for their Hit Song "Weak" and "Right Here/Human Nature"Sister With Voices
13%

Score Distribution

Percentile by Number Answered

Percent of People with Each Score

Your Score History

You have not taken this quiz